Ley orgánica constitucional de partidos políticos: historia de su establecimiento y debate doctrinario
Uloženo v:
| Hlavní autor: | |
|---|---|
| Médium: | Kniha |
| Jazyk: | španělština |
| Vydáno: |
Santiago, Chile
Jurídica de Chile
1988
|
| Témata: | |
| Tagy: |
Přidat tag
Žádné tagy, Buďte první, kdo vytvoří štítek k tomuto záznamu!
|
MARC
| LEADER | 00000nam a2200000 a 4500 | ||
|---|---|---|---|
| 001 | UCX4795 | ||
| 003 | CL-VaPUC | ||
| 005 | 20240307105857.0 | ||
| 008 | 920730e19880000CL |||||||||||||||||spa|d | ||
| 999 | |c 225185 |d 225183 | ||
| 040 | |c Pontificia Universidad Católica de Valparaíso | ||
| 082 | 0 | 4 | |a 342.83 GAR 1988 |2 21 |
| 100 | |a García Barzelatto, Ana María |e autora |9 602717 | ||
| 245 | 1 | 0 | |a Ley orgánica constitucional de partidos políticos: |b historia de su establecimiento y debate doctrinario |
| 260 | |a Santiago, Chile |b Jurídica de Chile |c 1988 | ||
| 300 | |a 281 páginas | ||
| 583 | |a last modification |c 19920730 00:00:00 |k Rodrigo Vera | ||
| 650 | 0 | |a Partidos políticos |z CHILE |9 254999 | |
| 650 | 0 | |a Derecho y legislación |z CHILE |9 255077 | |
| 852 | |a BIBCUR | ||
| 942 | |c BK |2 ddc | ||
| 945 | |d 19920730 00:00:00 |a oaravena | ||
| 952 | |0 0 |1 0 |2 ddc |4 0 |6 342_830000000000000_GAR_1988 |7 0 |8 A |9 222505 |a BIBHIS |b BIBHIS |d 2019-11-15 |i 2913135 |o 342.83 GAR 1988 |p 2913135 |r 2025-01-20 |t 1 |w 2019-11-15 |y BK |k HIS | ||
| 952 | |0 0 |1 0 |2 ddc |4 0 |6 342_830000000000000_GAR_1988 |7 0 |8 A |9 222506 |a BIBHIS |b BIBHIS |d 2019-11-15 |i 3038033 |o 342.83 GAR 1988 |p 3038033 |r 2025-01-20 |t 2 |w 2019-11-15 |y BK |k HIS | ||